000 00791nam a2200277Ia 4500
003 OSt
005 20221006160356.0
006 a|||||r|||| 00| 0
007 ta
008 221006b |||||||| |||| 00| 0 chi d
020 _a9780824822439
024 _a45,084
037 _cAnnuals, Advances
040 _aEASL
_cEASL
_bchi
041 _2chi
_achi
082 _aQ4596.42.M, P0
100 _aBaroni Helen J.
_921916
245 0 _aObaku Zen
_b The emergengy of the third sect of Zen in Tokugawa Japan
260 _aHonolulu
_bUniversity of Hawai'i Press
_c2000
300 _ap.
_ccm.
490 _v JEL
650 _a JEL
650 _aObaku sect - history
_9673115
942 _hQ4596.42.M, P0
_cREF
_2CC
999 _c1113176
_d1113176